Mediální referenční skupiny II

Pokračovanie článku z predchádzajúceho čísla. Výskum Vysokej školy ekonomickej v Prahe, ktorý mapoval zapojenie referenčných skupín do mediálnej marketingovej komunikácie. Porovnanie inzercie čekých a zahraničných tlačených médií. Porovnanie zahraničných a českých televíznych šotov.

Salvato in:
Dettagli Bibliografici
Autore principale: Koudelka, Jan
Natura: Capitolo di libro
Lingua:ceco
Soggetti:
Tags: Aggiungi Tag
Nessun Tag, puoi essere il primo ad aggiungerne!!

MARC

LEADER 00000naa$a2200000$$$4500
001 0037905
005 20231016104442.3
041 0 |a cze 
044 |a CZ 
245 1 0 |a Mediální referenční skupiny II  |c Jan Koudelka 
520 |a Pokračovanie článku z predchádzajúceho čísla. Výskum Vysokej školy ekonomickej v Prahe, ktorý mapoval zapojenie referenčných skupín do mediálnej marketingovej komunikácie. Porovnanie inzercie čekých a zahraničných tlačených médií. Porovnanie zahraničných a českých televíznych šotov. 
610 2 0 |a reklama 
610 2 0 |a podpora predaja 
610 2 0 |a komunikácia masová 
610 2 0 |a produkty 
610 2 0 |a médiá 
610 2 0 |a televízia 
610 2 0 |a tlač 
610 2 0 |a muži 
610 2 0 |a ženy 
610 2 0 |a deti 
610 2 0 |a mládež 
610 2 0 |a rodina 
610 2 0 |a príroda 
100 1 |a Koudelka, Jan